Central Library OPAC University of Rajshahi

Kim Il Sung. (Record no. 25063)

MARC details
000 -LEADER
fixed length control field 00666nam a2200217 i 4500
001 - CONTROL NUMBER
control field 25063
003 - CONTROL NUMBER IDENTIFIER
rucl marc code BD-RjUL
005 - DATE AND TIME OF LATEST TRANSACTION
control field 20211209050826.0
008 - FIXED-LENGTH DATA ELEMENTS--GENERAL INFORMATION
fixed length control field 140316s1984 kn 000 0 eng d
035 ## - SYSTEM CONTROL NUMBER
System control number (BD-RjUL)25132
040 ## - CATALOGING SOURCE
Original cataloging agency SHS
Description conventions rda
Transcribing agency SHS
Modifying agency OCLCQ
-- UkOxU
-- BD-RjUL
Language of cataloging eng
041 ## - LANGUAGE CODE
Language code of text/sound track or separate title eng
082 ## - DEWEY DECIMAL CLASSIFICATION NUMBER
Classification number 951.93043
Author mark and year KIM V-17 1984
100 1# - MAIN ENTRY--PERSONAL NAME
Personal name Kim, Il Sung
Dates associated with a name 1912-1994.
9 (RLIN) 77034
245 10 - TITLE STATEMENT
Title Kim Il Sung.
Remainder of title Works /
Statement of responsibility, etc. Il Sung Kim.
Number of part/section of a work 17.
Name of part/section of a work January - December 1963.
260 ## - PUBLICATION, DISTRIBUTION, ETC. (IMPRINT)
Place of publication, distribution, etc. Pyongyang :
Name of publisher, distributor, etc. Foreign Languages Publishing House,
Date of publication, distribution, etc. 1984.
300 ## - PHYSICAL DESCRIPTION
Pagination 473 p. :
Illustrations ill. ;
Size 21 cm
600 10 - SUBJECT ADDED ENTRY--PERSONAL NAME
Personal name Kim, Il-sŏng,
Dates associated with a name 1912-1994.
942 ## - ADDED ENTRY ELEMENTS (KOHA)
Source of classification or shelving scheme Dewey Decimal Classification
Koha item type Books
Holdings
Lost status Source of classification or shelving scheme Damaged status Not for loan Collection code Permanent Location Current Location Shelving location Date acquired Source of acquisition Total Checkouts Full call number Date last seen Copy number Koha item type
  Dewey Decimal Classification   Not For Loan Non-fiction Central Library, University of Rajshahi Central Library, University of Rajshahi Reading Room 23/06/1987 Korea   951.93043 KIM V-17 1984 16/03/2014 C-1 Books